000 01095cam a22003257a 4500
003 CHAP
005 20220329135724.0
008 971013s1978 r 00010 d
010 _a41093
011 _a42065
035 _a46192
040 _cCHAP
090 _aFolleto 4725
100 0 0 _aMuchnik de Rubinstein, Eugenia.
_979244
245 1 3 _aLa economía de la fiebre aftosa
_b: análisis de sus externalidades y estratégias de control
260 _a(Bogotá) :
_bCentro Internacional de Agricultura Tropical,
_c1978
300 _a54 p.
_b; gráfs
490 0 _aSerie JS-2
590 _aBATCH-UPD
_b10
_c20130110
_lUCH01
_h1911
590 _aBATCH-UPD
_b10
_c20130410
_lUCH01
_h1238
590 _aBATCH-UPD
_b10
_c20130914
_lUCH01
_h1407
590 _aCONVERSION
_b10
_c20130109
_lUCH01
_h1323
650 1 4 _aFiebre aftosa.
_940737
650 1 4 _aGanadería
_xAspectos económicos.
_944616
830 0 _aSerie JS-2
_9104940
901 _aBK
942 _cFOLL
949 _aFolleto 4725
_bBC
_cFOLL
_d-105277
_eTS1
_i46192
_mD
_si
949 _aFolleto 4725
_bBC
_cFOLL
_d-105278
_eTS2
_fc.2
_i46192
_mD
_si
999 _c41093
_d41093